00625 a2200181 4500000002100000001000700021005001700028008004100045082001900086100001600105245010800121260003200229300001000261690003800271700001900309999001500328952010000343BKB 13633020200902153021.0  a501.5118bB22M1 aH.T., Banks1 aMathematics and experimental modeling of physical and biological processescby Banks H.T. and H.T. Tran aBoca RatonbCRC preesc2009 a299p. aMathematics; Biological processes aTran, H.T.bc c9560d9560 00104070aCURAJbCURAJd2013-01-16g0.00l0o501.5118 B22Mp11525r2024-11-21w2020-09-02yBK